000 00424cam a2200181 4500
001 D8658
008 090401t1980 xxu||||| |||| 00| 0 eng d
035 _a(Sirsi) u14449
041 _aeng
050 _a526.9809
100 _aSeymour, W.A.
245 2 _aA history of the Ordnance Survey
260 _aFolkstone, Kent
_bDawsons
_c1980
300 _axiv. 394p. 30cm
350 _a35
942 _n0
948 _c04/03/1997
999 _c87182
_d87182